=LDR 00000nam 2200000 4500 =001 INLIS000000000042448 =005 20131008015234 =008 ***********************************ind** =035 ##$$0010-101300000000370 =041 ##$$a ind =082 ##$$a 610.73 =090 ##$$a 610.73, Wah b =100 ##$$a Wahit Iqbal Mubarak =245 ##$$a Buku ajar kebutuhan dasar manusia, teori =260 ##$$a 24 cm $b Jakarta =300 ##$$a Ix,336 hlm, Ilus, 24 cm =650 ##$$a PERAWAT DAN KEPERAWATAN =700 ##$$a Nurul Chayati =850 ##$$a NBPNMAT =990 ##$$a 92156/BPAP-NTB/2014 =990 ##$$a 0001/BPAP-NTB/2015